Legislacion eclesiastica provincial que integra la compilacio canonica terraconense del patriarca d'Alexandria

Shranjeno v:
Bibliografske podrobnosti
Glavni avtor: Valls y Taberner, Fernando (Author)
Format: Knjiga
Jezik:španščina
Izdano: Barcelona Universidad de Malaga 1992
Izdaja:2a. ed
Teme:
Oznake: Označite
Brez oznak, prvi označite!

MARC

LEADER 00000nam a2200000 a 4500
001 UCX7142
003 CL-VaPUC
008 931127e19920000SP |||||||||||||||||spa|d
082 0 4 |a 262.9  |b VAL  |2 21 
100 0 |a Valls y Taberner, Fernando  |e author  |9 257411 
245 1 0 |a Legislacion eclesiastica provincial que integra la compilacio canonica terraconense del patriarca d'Alexandria 
250 |a 2a. ed 
300 |a 46 p 
942 |c BK 
945 |d 19931127 00:00:00  |a aalvarez 
260 |a Barcelona  |b Universidad de Malaga  |c 1992 
650 0 |a Derecho eclesiástico  |9 255055 
651 0 |a España  |9 254926 
583 |a last modification  |c 19931127 00:00:00  |k Rodrigo Vera 
999 |c 227041  |d 227039 
952 |0 0  |1 0  |4 0  |6 262_900000000000000_VAL_1992  |7 0  |8 DER_HDC  |9 225800  |a BIBDER  |b BIBDER  |d 2019-11-15  |i 2946416  |o 262.9 VAL 1992  |p 2946416  |r 2023-01-25  |w 2019-11-15  |x Ubicación 4to Piso  |y BK  |z Estos recursos deben solicitarse con anticipación  |k DER 
952 |0 0  |1 0  |4 0  |6 262_900000000000000_VAL_1992  |7 0  |8 DER_HDC  |9 225801  |a BIBDER  |b BIBDER  |d 2019-11-15  |i 3429628  |o 262.9 VAL 1992  |p 3429628  |r 2023-01-25  |w 2019-11-15  |x Ubicación 4to Piso  |y BK  |z Estos recursos deben solicitarse con anticipación  |k DER